2024 NFL RB1s Part 3 - Statistics

General Stats
  • This quiz has been taken 21 times
  • The average score is 7 of 8
Answer Stats
Hint Answer % Correct
Chargers JK Dobbins
95%
Texans Joe Mixon
95%
Chiefs Isaiah Pacheco
90%
Colts Jonathan Taylor
90%
Titans Tony Pollard
90%
Jaguars Travis Etienne Jr.
85%
Broncos Javonte Williams
75%
Raiders Zamir White
45%
No matching quizzes found
Score Distribution
Percent of People with Each Score
Percentile by Number Answered
Your Score History
You have not taken this quiz